| 000 | 02566nam a22001577a 4500 | ||
|---|---|---|---|
| 041 | _aukr | ||
| 080 | _a09 | ||
| 090 | _bМАЛ | ||
| 100 | _aМалиш, Н. С. | ||
| 245 | _aХудожній світ Волта Вітмена в українській літературній рецепції | ||
| 260 |
_aОстрог _bКАФ _c2014 |
||
| 300 | _a98 | ||
| 520 |
_aВступ.
Розділ І. Визначальні ознаки Романтизму та Модернізму. Філософсько-художні системи епох.
1.1. Американський романтизм і мистецький феномен Волта Вітмена
1.2. Трансценденталізм як ідейно-філософська основа американського Романтизму
1.3. Модернізм та Авангардизм: діалектика нового. Український модернізм в портретах: Б.-І. Антонич, М. Семенко
1.4. Символізм Б.-І. Антонича: символ, дуалізм, інтуїція
1.5. Футуристичний концепт М. Семенка: організація нової психіки
Розділ ІІ. Сутнісні характеристики художнього світу Волта Вітмена та українських поетів ХХ ст.: структури, знаки, архетипи.
2.1. Ліричний герой В. Вітмена і Б.-І. Антонича: архетипна суміш
2.2. Архетипні елементи художнього універсуму поезій В. Вітмена і Б.-І. Антонича
2.3. Вічність крізь світоглядну призму В. Вітмена і Б.-І. Антонича: категорії змінності й циклічності
2.4. Художній світ В. Вітмена і Б.-І. Антонича в ідеях
2.5. Ліричний герой поезій В. Вітмена і М. Семенка: архетипна основа образу
2.6. Схема поетичної картини Всесвіту поезій В. Вітмена і М. Семенка
2.7. Філософсько-естетичні засади художньогосвіту поезій В. Вітмена і М. Семенка
Висновки.
Список використаних джерел.
Додатки. _0романтизм, модернізм, Волт Вітмен |
||
| 650 | _aResearch Papers | ||
| 999 |
_c285368 _d285368 |
||
| 942 | _cBK | ||